000 01668nam a2200421 c 4500
999 _c11865
_d11865
003 BLK
005 20250729172128.0
008 180412b bul|||||r ||||||| ||bul||
010 _aKNG00013434000
020 _a954-8241-15-3
040 _aBLK
041 _aBUL
_cBUL
080 _aБългарска литература
_b821.163.2
_x-93-34
_z821.163.2-93-34
139 _aБългарски народни приказки
_bБ 92
245 1 0 _aБългарски народни приказки
_bЗа Крали Марко, Хитър Петър и Настрадин Ходжа
_cсъстав. Кристина Илиева; худож. Мария Балова-Петрова.
250 _a2. изд.
257 _aBGR
260 _bБриз
_c2001
_fСофия : Образование и наука ЕАД
300 _a144 с.
_bс ил.
_c20 см
380 _aDX
490 _aЗлатна библиотека
_v№ 13
_9201320
490 _aБиблиотека за ученика
_9201322
500 _a1. изд. 1998 на изд. Орбел. - Офс. изд.
653 _aприказки
653 _aдетска литература
653 _aлитература за деца
653 _aКрали Марко
653 _aХитър Петър
700 1 _aИлиева, Кристина
_eсъстав.
_9256964
700 1 _aБалова-Петрова, Мария
_eхудож.
_936116
852 _aЦб 208224
856 4 _qpdf
_u
856 4 _qpdf
_u
942 _cKNG
_n0
_042
_s1
944 _aCR
_c26.03.2003
_k30551
_lБояна Костадинова
944 _aED
_c05.08.2005
999 _d11865